000 00934cab a22002175a 4500
001 L142831
008 071213e20080307xxkad f s 000 0 eng d
035 _a(Sirsi) u142831
041 0 _aeng
100 1 _aHeap, Richard
245 0 0 _aRegional report
_bIreland
260 _c2008
490 0 _aProperty Week
_v73(10) 7 March 2008, 133-151(10)
520 _aReports on market news and deals from around the country. Explains why the opening of Belfast's £400m Victoria Square shopping centre is important for the province. Discusses a retail development scheme in Dublin. Analyses the economic conditions of the national housing market. Discusses the state of the Dublin office market and developments in the Belfast office market.
590 _aKA
651 4 _aIreland (Island of)
651 4 _aEurope
690 _aPROPERTY-COMMERCIAL PROPERTY-COMMERCIAL PROPERTY MARKET
700 1 _aNightingale, Victoria
942 _n0
999 _c79947
_d79947